Billy Budd: sailor
Bewaard in:
| Hoofdauteur: | |
|---|---|
| Formaat: | Boek |
| Taal: | Undetermined |
| Gepubliceerd in: |
New York, Estados Unidos
Scholastic Book Services
1963
|
| Onderwerpen: | |
| Tags: |
Voeg label toe
Geen labels, Wees de eerste die dit record labelt!
|
MARC
| LEADER | 00000nam a2200000Ia 4500 | ||
|---|---|---|---|
| 008 | 170316s9999 xx 000 0 und d | ||
| 040 | |a cru BVZT | ||
| 090 | |a 810 M-34bi | ||
| 100 | |a Melville, Herman | ||
| 245 | |a Billy Budd: sailor | ||
| 260 | |a New York, Estados Unidos | ||
| 260 | |b Scholastic Book Services | ||
| 260 | |c 1963 | ||
| 300 | |a 152 páginas | ||
| 650 | |a LITERATURA ESTADOUNIDENSE | ||
| 999 | |c 5915 |d 5915 | ||
| 942 | |c 15 D |h 810 M-34bi |2 z | ||
